[Event "XXX Roquetas de Mar Open 2019"]
[Site "Roquetas de Mar"]
[Date "2019.01.05"]
[Round "6"]
[White "Tejedor Fuente, Enrique"]
[Black "Gascon Del Nogal, Jose Rafael"]
[Result "1/2-1/2"]
[WhiteElo "2428"]
[BlackElo "2486"]
[Annotator "TA"]
[PlyCount "149"]
[EventDate "2019.01.02"]
[EventType "swiss"]
[EventCountry "ESP"]
[SourceTitle "playchess.com"]
[Source "ChessBase"]
[SourceQuality "1"]

{[%evp 17,149,-6,-16,-10,-5,-6,0,-2,0,-24,-29,-36,-30,-29,-8,-33,0,0,0,0,37,-43,-57,-59,-58,-105,-105,-105,-119,-134,-131,-120,-105,-106,-39,-39,-25,-27,-40,-26,-10,-308,-281,-529,-526,-497,-472,-518,-493,-665,-650,-664,-661,-661,-658,-651,-591,-613,-572,-535,-508,-456,-488,-478,-462,-416,-381,-791,-733,-836,-840,-835,-839,-835,-828,-835,-832,-824,-821,-786,-724,-689,-608,-571,-251,-537,-537,-511,-510,-620,-263,-405,-133,-160,-139,-612,-485,-343,0,-160,-162,-186,-186,-216,-209,-205,-198,-198,-161,-162,-106,-167,-8,-8,-8,-116,-8,-8,-8,-8,-8,-8,-8,-8,0,0,0,0,0,0,0,0,0,0]} 1. c4 e5 2. Nc3 Nc6 3. g3 Bc5 (3... g6 4. Bg2 Bg7 5. Rb1 d6 6. b4 f5 7. b5 Nce7 8. d3 Nf6 9. e3 O-O 10. Nge2 g5 11. f4 exf4 12. exf4 g4 13. O-O h5 14. Re1 h4 15. Be3 {½-½ (32) Aronian,L (2780)-Duda,J (2739) Batumi 2018}) 4. a3 a6 5. Bg2 Ba7 6. e3 {A25: English Opening vs King's Indian with ...Nc6 but without early d3} d6 7. Nge2 h5 8. h3 h4 9. g4 f5 {LiveBook: 3 Games} 10. gxf5 Bxf5 11. d4 Qd7 $146 ({Predecessor:} 11... Nf6 12. b3 {½-½ (54) Damljanovic,B (2544)-Bogosavljevic,B (2548) Cetinje 2013}) 12. b4 exd4 13. Nxd4 Nxd4 14. exd4 c6 15. O-O Bxh3 16. Re1+ Kf8 (16... Kd8 $15) 17. Qf3+ $14 Bf5 18. Bh3 g6 19. Bxf5 (19. d5 $14) 19... Qxf5 $15 20. Qxf5+ gxf5 21. Bf4 Bxd4 22. Bxd6+ Kf7 23. Be5 Bxe5 24. Rxe5 Nh6 $36 {[%mdl 2048] Black has strong initiative.} 25. Rae1 Rhe8 (25... Rhg8+ $17 26. Kh1 Rad8 27. Re7+ {[%mdl 64] Double Attack} Kf6 28. R1e6+ Kg5) 26. Rxe8 $1 Rxe8 27. Rxe8 Kxe8 {[%mdl 4096] Endgame KN-KN} 28. Na4 $1 Nf7 29. c5 $2 {[%mdl 8192]} (29. Kg2 $11) 29... Ne5 30. Nb2 $2 (30. Nb6 {keeps fighting.} Kf7 31. Kg2) 30... Ke7 31. Kg2 Kf6 $1 {[%cal Rf6g5]} 32. f4 Ng6 33. Kf3 h3 34. Nc4 {[#]} Nxf4 $1 {[%mdl 512]} 35. Kg3 (35. Kxf4 h2) 35... Ne2+ 36. Kxh3 Nd4 37. Kg3 Nc2 38. Kf3 Ke6 $1 {[%cal Re6d5]} 39. Ke2 Kd5 40. Kd3 {And now Nb6+ would win.} Ne1+ 41. Kc3 f4 {[%cal Bf5f4,Bf4f3][%mdl 32]} 42. Na5 $2 (42. Nd6 f3 43. Kd2) 42... f3 $19 43. Kd2 {[#]} Nc2 $1 {[%mdl 512]} 44. Nxb7 (44. Kxc2 f2) 44... Nxa3 45. Ke3 Nc2+ 46. Kxf3 Nxb4 47. Ke3 Kc4 48. Ke4 Kb5 49. Kd4 Nc2+ 50. Kd3 Ne1+ (50... Na3 $142 51. Kc3 Nc4) 51. Ke2 $2 {[#]} (51. Kc3 {is the only way for White.}) 51... Ng2 $1 52. Kd3 Nf4+ 53. Kd4 Ne6+ (53... Nd5 $142 54. Kd3 Kb4) 54. Kc3 a5 $2 (54... Ng5 $19 {is more deadly.} 55. Kb3 Ne4) 55. Nd6+ $17 Kxc5 56. Nc4 $2 {[%mdl 8192]} (56. Ne4+ $17 Kb5 57. Nd6+ Kb6 58. Kb3) 56... Kb5 57. Nd6+ {[#]} Kc5 $2 (57... Ka4 $1 $19 58. Nb7 Kb5 59. Nd6+ Kb6 60. Nc8+ Kc7) 58. Ne4+ $2 ({White must play} 58. Nc4 $1 $11) 58... Kb6 59. Kc4 Nd8 60. Nc5 Nb7 61. Na4+ Kc7 62. Kd4 Kd6 63. Kc4 Ke5 (63... Kd7 $19 64. Nb2 Kc7) 64. Nb6 Ke4 $2 ({Black should play} 64... Kf6 $19 {Threatens to win with ...Ke7.} 65. Na4 Ke5) 65. Nd7 $11 Ke3 {Threatening ...Kd2.} 66. Kc3 (66. Ne5 $11) 66... Ke2 ({Better is} 66... Nd6 $17 {Hoping for ...Ke4.} 67. Ne5 c5) 67. Ne5 {The position is equal.} c5 {Black wants to play ...Nd6.} 68. Nc4 Kf3 {aiming for ...Ke4.} 69. Nb2 Ke3 70. Na4 Ke2 71. Kc4 Kd2 72. Nxc5 Nxc5 73. Kxc5 a4 {( -> ...a3)} 74. Kb4 a3 75. Kxa3 {Accuracy: White = 43%, Black = 58%.} 1/2-1/2

[Event "XXX Roquetas de Mar Open 2019"]
[Site "Roquetas de Mar"]
[Date "2019.01.05"]
[Round "6"]
[White "Suarez Uriel, Adrian"]
[Black "Marin, Mihail"]
[Result "1/2-1/2"]
[WhiteElo "2391"]
[BlackElo "2540"]
[Annotator "TA"]
[PlyCount "79"]
[EventDate "2019.01.02"]
[EventType "swiss"]
[EventCountry "ESP"]
[SourceTitle "playchess.com"]
[Source "ChessBase"]
[SourceQuality "1"]

{[%evp 17,79,0,9,11,21,1,0,8,0,6,15,21,97,97,93,81,85,69,98,46,178,139,193,107,103,103,197,13,45,46,42,42,119,0,0,0,62,0,0,-31,-64,-62,-39,-113,-110,-91,-49,-35,0,0,0,0,0,-134,0,0,0,0,0,0,0,0,0,0]} 1. e4 e6 2. d4 d5 3. Nc3 Bb4 4. a3 Bxc3+ 5. bxc3 dxe4 6. Qg4 Nf6 7. Qxg7 Rg8 8. Qh6 Bd7 {C15: French: 3 Nc3 Bb4: Unusual White 4th moves} 9. Ne2 c5 {LiveBook: 19 Games} 10. Rb1 (10. Bg5 Rg6 11. Qh4 Bc6 12. Rd1 Nbd7 13. Nf4 Rxg5 14. Qxg5 Qa5 15. Ne2 O-O-O 16. dxc5 Nd5 17. Nd4 Nxc5 18. Nxc6 bxc6 {1-0 (61) Wang,H (2709)-Savchenko,B (2566) Riadh 2017}) 10... Bc6 11. dxc5 Nbd7 12. Nd4 Qa5 13. Nxc6 bxc6 14. Qh3 $146 ({Predecessor:} 14. Qd2 Qxc5 15. c4 h5 16. g3 Ng4 17. Bg2 {½-½ (42) Shaw,S (2345)-Titzhoff,F (2316) ICCF email 2014}) 14... Ke7 (14... Qa4 $11 15. Rb3 Nxc5) 15. Be2 $1 $16 Rab8 16. Rb4 Qxc5 17. O-O Qe5 18. Qh4 (18. c4 $16) 18... Qxc3 (18... Rxb4 $1 $14 19. cxb4 Qc3) 19. Rc4 $1 $18 {[%cal Rc4c3]} Qa1 (19... Qa5 $16) 20. Rxe4 (20. Rxc6 $18 Rb1 21. Bf4) 20... Rb1 $16 21. Bd2 c5 (21... Rxf1+ $16 22. Bxf1 Rb8) 22. Re3 $2 (22. Ra4 $1 $18) 22... Rg4 23. Qh6 Rxf1+ 24. Bxf1 Qd1 {[#]} ({Black should try} 24... Qb1 $14) 25. Rd3 (25. h3 $1 $16 {[%cal Rh3g4]} Rg6 26. Qf4) 25... Qxc2 $11 26. h3 Re4 (26... Rd4 $11 27. Rxd4 cxd4) 27. Bc3 (27. Rc3 $1 $14 Qd1 28. Rf3) 27... Ne5 28. Re3 Rxe3 29. Qxe3 {[%mdl 64] Double Attack} Ned7 30. Kh2 (30. Be1 $15) 30... Nd5 $17 31. Qg5+ N7f6 32. Be5 Qxf2 33. Bd3 $1 h5 34. a4 a5 35. Bc4 {[#]} (35. Kh1 $11 {remains equal.}) 35... Kd7 ({Better is} 35... Qf5 $1 $17 {[%cal Rf5g5]} 36. Qxf5 exf5) 36. Bb5+ {The position is equal.} Ke7 37. Bd3 Kd7 38. Qg7 Ke7 {Hoping for ...Qh4.} 39. Qg5 Kd7 40. Bb5+ {Accuracy: White = 50%, Black = 48%.} 1/2-1/2

[Event "XXX Roquetas de Mar Open 2019"]
[Site "Roquetas de Mar"]
[Date "2019.01.05"]
[Round "6"]
[White "Lopez Mulet, Inigo"]
[Black "Xu, Yi"]
[Result "0-1"]
[WhiteElo "2367"]
[BlackElo "2528"]
[Annotator "TA"]
[PlyCount "112"]
[EventDate "2019.01.02"]
[EventType "swiss"]
[EventCountry "ESP"]
[SourceTitle "playchess.com"]
[Source "ChessBase"]
[SourceQuality "1"]

{[%evp 18,112,-75,-72,-29,-111,-121,-138,-140,-158,-162,-147,-149,-164,-143,-154,-155,-162,-79,-189,-190,-191,-161,-184,-116,-225,-227,-294,-210,-212,-212,-215,-205,-211,-208,-208,-215,-212,-210,-225,-179,-204,-122,-231,-109,-271,-166,-185,0,-245,-133,-177,-172,-198,-191,-190,-117,-115,-115,-115,-115,-126,-118,-118,-92,-118,-114,-195,-200,-279,-257,-691,-672,-1050,-998,-29964,-29965,-29967,-29967,-29976,-29978,-29977,-29979,-29979,-29980,-29980,-29981,-29982,-29983,-29983,-29982,-29982,-29982,-29983,-29984,-29984,-29985]} 1. d4 Nf6 2. c4 e6 3. g3 d5 4. Bg2 Bb4+ 5. Nd2 O-O 6. Ngf3 dxc4 7. O-O b5 8. a3 Be7 9. a4 c6 {E05: Open Catalan: 5 Nf3 Be7} 10. Qc2 {LiveBook: 6 Games} a5 11. axb5 $146 (11. b3 $11) ({Predecessor:} 11. b3 cxb3 12. Nxb3 Na6 13. Bd2 Nd5 14. axb5 Nab4 15. Bxb4 Nxb4 {1-0 (35) Gupta,A (2607)-Santos Ruiz,M (2480) Dubai 2017}) 11... cxb5 $17 {Black is better.} 12. b3 cxb3 13. Nxb3 Bb7 {[%cal Bc8b7,Bb7d5,Bd5c4][%mdl 32]} 14. Nc5 Bd5 15. e4 Bc4 16. Rd1 Nc6 17. Bb2 Qc7 (17... Qc8 $19 {is more deadly.} 18. Nd2 Nxd4 $1 {[%mdl 576] Remove Defender} 19. Bxd4 Bxc5 20. Bxc5 Qxc5) 18. Nd3 (18. Nd2 $17 {is a better defense.}) 18... a4 $1 $19 ({Resist} 18... Nxe4 19. Nfe5 $17) 19. Nfe5 Nxe5 20. Nxe5 Rac8 (20... a3 $19 21. Bc1 Rfc8 22. Nxc4 Qxc4 23. Qxc4 bxc4) 21. Rdc1 (21. d5 $17 {was necessary.}) 21... Qb7 $1 22. Qd2 Nxe4 23. Bxe4 Qxe4 24. Nxc4 Rxc4 ({Don't do} 24... bxc4 25. Rxa4 Qc6 26. Rcxc4 $15) 25. Rxc4 bxc4 26. Rxa4 Rc8 27. Qc3 Qe2 {Strongly threatening ...Qd1+.} 28. Ra7 Bf8 29. Rb7 {[#]} h6 (29... Qe4 $1 $19 {[%cal Re4b7]} 30. Rb5 h6) 30. h4 (30. Kg2 $17) 30... Ra8 (30... Qe4 $19 {and Black stays clearly on top.} 31. Rb5 Bd6) 31. Rb6 $2 (31. Qe3 $17 Qxe3 32. fxe3) 31... Kh7 32. Rb7 Kg8 (32... Ra2 $142 33. d5 exd5) 33. Rb6 $1 Rd8 (33... Ra2 $19 {Hoping for ...Ba3!} 34. Rb8 Kh7) 34. Rb5 Be7 35. Re5 Qd1+ 36. Re1 Qb3 ({Black should play} 36... Qa4 $19 37. Ra1 Qb5) 37. Qxb3 $17 cxb3 {[%mdl 4096] Endgame KRB-KRB} 38. Re3 Rb8 39. Kf1 Bf6 40. Ke2 Kf8 41. Kd2 Ke7 42. Kc3 (42. Re1 $17 {was called for.}) 42... Kd6 $19 43. Kc4 Rc8+ 44. Kxb3 $2 (44. Kb4) 44... Rb8+ 45. Kc2 {[#]} Rxb2+ $1 {[%mdl 576] Remove Defender, Decoy} 46. Kxb2 Bxd4+ {[%mdl 64] Double Attack. KR-KB. Black mates.} 47. Rc3 Ke5 48. f3 g5 49. hxg5 hxg5 50. Kc2 Bxc3 51. Kxc3 {[#] K3P-KPP} g4 $1 {[%mdl 512]} 52. Kd3 (52. fxg4 Kf6) 52... gxf3 53. Ke3 Kf5 54. Kxf3 Kg5 55. g4 e5 56. Ke4 Kxg4 {Accuracy: White = 41%, Black = 48%.} 0-1

[Event "XXX Roquetas de Mar Open 2019"]
[Site "Roquetas de Mar"]
[Date "2019.01.05"]
[Round "6"]
[White "Dardha, Daniel"]
[Black "Del Rio De Angelis, Salvador G."]
[Result "1/2-1/2"]
[WhiteElo "2337"]
[BlackElo "2501"]
[Annotator "ChessBase"]
[PlyCount "49"]
[EventDate "2019.01.02"]
[EventType "swiss"]
[EventCountry "ESP"]
[SourceTitle "playchess.com"]
[Source "ChessBase"]
[SourceQuality "1"]
[TimeControl "5400+30"]

1. Nf3 {[%emt 0:04:44]} d6 {[%emt 0:00:00]} 2. d4 {[%emt 0:00:21]} Nf6 {[%emt 0:00:00]} 3. Bf4 {[%emt 0:02:00]} Nbd7 {[%emt 0:03:02]} 4. e3 {[%emt 0:00:36]} Nh5 {[%emt 0:01:14]} 5. Bg5 {[%emt 0:00:21]} h6 {[%emt 0:00:08]} 6. Bh4 {[%emt 0:00:39]} g5 {[%emt 0:00:10]} 7. Nfd2 {[%emt 0:01:21]} Ndf6 {[%emt 0:00:36]} 8. Be2 {[%emt 0:02:12]} gxh4 {[%emt 0:07:09]} 9. Bxh5 {[%emt 0:00:06]} Nxh5 {[%emt 0:00:06]} 10. Qxh5 {[%emt 0:00:08]} Rg8 {[%emt 0:00:14]} 11. Nc3 {[%emt 0:07:50]} Rxg2 {[%emt 0:01:33]} 12. O-O-O {[%emt 0:01:45]} Qd7 {[%emt 0:02:31]} 13. Rdg1 {[%emt 0:25:54]} Qg4 {[%emt 0:31:07]} 14. Qxg4 {[%emt 0:00:32]} Rxg4 {[%emt 0:00:09]} 15. Nd5 {[%emt 0:01:50]} Kd8 {[%emt 0:02:59]} 16. Rxg4 {[%emt 0:02:00]} Bxg4 {[%emt 0:00:09]} 17. Rg1 {[%emt 0:00:04]} Bf5 {[%emt 0:10:10]} 18. Rg8 {[%emt 0:01:30]} Kd7 {[%emt 0:00:07]} 19. e4 {[%emt 0:02:40]} Bh7 {[%emt 0:00:35]} 20. Rh8 {[%emt 0:00:08]} Bg6 {[%emt 0:00:07]} 21. Nf4 {[%emt 0:02:28]} Re8 {[%emt 0:00:25]} 22. Rg8 {[%emt 0:02:27]} Bh7 {[%emt 0:00:12]} 23. Rh8 {[%emt 0:00:04]} Bg6 {[%emt 0:00:03]} 24. Rg8 {[%emt 0:00:04]} Bh7 {[%emt 0:00:06]} 25. Rh8 {[%emt 0:00:03]} 1/2-1/2

[Event "XXX Roquetas de Mar Open 2019"]
[Site "Roquetas de Mar"]
[Date "2019.01.05"]
[Round "6"]
[White "MARTIN CARMONA, Gaston Manuel"]
[Black "Sosa, Tomas"]
[Result "0-1"]
[WhiteElo "2329"]
[BlackElo "2499"]
[Annotator "ChessBase"]
[PlyCount "66"]
[EventDate "2019.01.02"]
[EventType "swiss"]
[EventCountry "ESP"]
[SourceTitle "playchess.com"]
[Source "ChessBase"]
[SourceQuality "1"]
[TimeControl "5400+30"]

1. g3 {[%emt 0:05:41]} d5 {[%emt 0:00:00]} 2. c4 {[%emt 0:01:17]} d4 {[%emt 0:00:00]} 3. Bg2 {[%emt 0:01:48]} e5 {[%emt 0:00:00]} 4. e3 {[%emt 0:02:21]} Nc6 {[%emt 0:05:42]} 5. Ne2 {[%emt 0:09:24]} Nb4 {[%emt 0:03:44]} 6. Na3 {[%emt 0:12:00]} Nd3+ {[%emt 0:02:35]} 7. Kf1 {[%emt 0:00:05]} Qf6 {[%emt 0:05:16]} 8. f4 {[%emt 0:12:16]} exf4 {[%emt 0:01:53]} 9. exf4 {[%emt 0:03:44]} Bxa3 {[%emt 0:01:58]} 10. Qa4+ {[%emt 0:02:03]} c6 {[%emt 0:01:06]} 11. Qxa3 {[%emt 0:00:59]} Bf5 {[%emt 0:00:25]} 12. b4 {[%emt 0:03:17]} Nh6 {[%emt 0:07:59]} 13. Bb2 {[%emt 0:06:32]} Rd8 {[%emt 0:05:38]} 14. h3 {[%emt 0:05:39]} O-O {[%emt 0:01:02]} 15. Bf3 {[%emt 0:04:07]} Rfe8 {[%emt 0:00:49]} 16. Rh2 {[%emt 0:01:09]} Qe6 {[%emt 0:11:44]} 17. c5 {[%emt 0:10:14]} Bxh3+ {[%emt 0:10:59]} 18. Kg1 {[%emt 0:00:04]} Nxb2 {[%emt 0:02:47]} 19. Qxb2 {[%emt 0:00:17]} d3 {[%emt 0:00:12]} 20. Nc3 {[%emt 0:00:43]} Qe1+ {[%emt 0:06:23]} 21. Rxe1 {[%emt 0:00:44]} Rxe1+ {[%emt 0:00:06]} 22. Kf2 {[%emt 0:00:03]} Rf1+ {[%emt 0:00:06]} 23. Ke3 {[%emt 0:00:21]} Nf5+ {[%emt 0:00:05]} 24. Ke4 {[%emt 0:00:14]} Nxg3+ {[%emt 0:00:04]} 25. Ke3 {[%emt 0:00:43]} Nf5+ {[%emt 0:00:09]} 26. Ke4 {[%emt 0:00:02]} Rd4+ {[%emt 0:06:52]} 27. Ke5 {[%emt 0:00:01]} Re1+ {[%emt 0:00:08]} 28. Ne2 {[%emt 0:04:20]} Rxe2+ {[%emt 0:05:39]} 29. Bxe2 {[%emt 0:04:56]} f6+ {[%emt 0:00:19]} 30. Ke6 {[%emt 0:00:09]} dxe2 {[%emt 0:00:34]} 31. Qb1 {[%emt 0:01:27]} Rxb4 {[%emt 0:03:07]} 32. Qxb4 {[%emt 0:02:56]} e1=Q+ {[%emt 0:00:22]} 33. Kd7 {[%emt 0:00:03]} Qe7+ {[%emt 0:01:01]} 0-1

[Event "XXX Roquetas de Mar Open 2019"]
[Site "Roquetas de Mar"]
[Date "2019.01.05"]
[Round "6"]
[White "Garcia Martin, Marta"]
[Black "Frolyanov, Dmitry"]
[Result "0-1"]
[WhiteElo "2296"]
[BlackElo "2517"]
[Annotator "ChessBase"]
[PlyCount "76"]
[EventDate "2019.01.02"]
[EventType "swiss"]
[EventCountry "ESP"]
[SourceTitle "playchess.com"]
[Source "ChessBase"]
[SourceQuality "1"]
[TimeControl "5400+30"]

1. e4 {[%emt 0:01:32]} c5 {[%emt 0:00:00]} 2. Nf3 {[%emt 0:00:14]} Nc6 {[%emt 0:00:05]} 3. Bb5 {[%emt 0:00:44]} g6 {[%emt 0:00:07]} 4. O-O {[%emt 0:05:02]} Bg7 {[%emt 0:00:06]} 5. Re1 {[%emt 0:01:13]} e5 {[%emt 0:00:24]} 6. Bxc6 {[%emt 0:07:23]} dxc6 {[%emt 0:00:06]} 7. d3 {[%emt 0:00:06]} Qc7 {[%emt 0:04:50]} 8. Be3 {[%emt 0:02:23]} b6 {[%emt 0:01:08]} 9. h3 {[%emt 0:07:15]} Nf6 {[%emt 0:00:28]} 10. Qd2 {[%emt 0:00:51]} O-O {[%emt 0:04:37]} 11. Bh6 {[%emt 0:00:10]} Re8 {[%emt 0:00:39]} 12. Bxg7 {[%emt 0:00:06]} Kxg7 {[%emt 0:00:04]} 13. a3 {[%emt 0:04:34]} a5 {[%emt 0:01:20]} 14. Qc3 {[%emt 0:07:12]} Nd7 {[%emt 0:03:30]} 15. Nbd2 {[%emt 0:02:41]} a4 {[%emt 0:01:03]} 16. b3 {[%emt 0:11:57]} axb3 {[%emt 0:00:38]} 17. cxb3 {[%emt 0:00:34]} Ba6 {[%emt 0:00:21]} 18. b4 {[%emt 0:01:54]} cxb4 {[%emt 0:08:56]} 19. axb4 {[%emt 0:00:08]} c5 {[%emt 0:01:38]} 20. bxc5 {[%emt 0:12:26]} Qxc5 {[%emt 0:00:39]} 21. Rec1 {[%emt 0:03:04]} Qd6 {[%emt 0:06:52]} 22. Nc4 {[%emt 0:02:29]} Bxc4 {[%emt 0:00:16]} 23. Qxc4 {[%emt 0:03:03]} Nc5 {[%emt 0:01:47]} 24. Rxa8 {[%emt 0:01:43]} Rxa8 {[%emt 0:00:07]} 25. Nxe5 {[%emt 0:01:14]} Qxe5 {[%emt 0:00:17]} 26. d4 {[%emt 0:00:04]} Qxe4 {[%emt 0:00:20]} 27. dxc5 {[%emt 0:00:05]} Qxc4 {[%emt 0:00:06]} 28. Rxc4 {[%emt 0:00:05]} Rc8 {[%emt 0:00:16]} 29. c6 {[%emt 0:00:30]} Rc7 {[%emt 0:00:16]} 30. h4 Kf6 31. Kf1 {[%emt 0:17:27]} Ke6 {[%emt 0:00:57]} 32. Ke2 {[%emt 0:00:10]} Kd5 {[%emt 0:01:55]} 33. Rf4 {[%emt 0:00:22]} Kxc6 {[%emt 0:00:26]} 34. Kd3 {[%emt 0:00:04]} Kb5 {[%emt 0:01:37]} 35. h5 {[%emt 0:02:51]} Ka5 {[%emt 0:00:55]} 36. h6 {[%emt 0:00:13]} b5 {[%emt 0:00:14]} 37. Re4 {[%emt 0:00:31]} b4 {[%emt 0:01:22]} 38. Re8 {[%emt 0:00:06]} b3 {[%emt 0:01:13]} 0-1

[Event "XXX Roquetas de Mar Open 2019"]
[Site "Roquetas de Mar"]
[Date "2019.01.05"]
[Round "6"]
[White "Sreeshwan Maralakshikari"]
[Black "Bagi, Mate"]
[Result "0-1"]
[WhiteElo "2278"]
[BlackElo "2453"]
[Annotator "TA"]
[PlyCount "98"]
[EventDate "2019.01.02"]
[EventType "swiss"]
[EventCountry "ESP"]
[SourceTitle "playchess.com"]
[Source "ChessBase"]
[SourceQuality "1"]

{[%evp 14,98,40,-47,-44,-50,-29,-29,-26,-45,-34,-33,-43,-42,-42,-55,-48,-80,-78,-74,-76,-72,-72,-54,-66,-69,-72,-84,-42,-80,-43,-53,-49,-154,-106,-117,-125,-206,-215,-198,-141,-200,-202,-222,-218,-191,-206,-225,-171,-156,-152,-534,-528,-518,-487,-466,-427,-427,-420,-458,-435,-383,-422,-539,-525,-1088,-537,-2935,-435,-624,-619,-488,-422,-698,-696,-614,-600,-819,-819,-800,-800,-758,-743,-720,-713,-713,-708]} 1. d4 Nf6 2. c4 b6 3. Nc3 Bb7 4. Qc2 d5 5. cxd5 Nxd5 6. e4 Nxc3 {A50: Queen's Fianchetto Defence (1 d4 Nf6 2 c4 b6)} 7. bxc3 e5 8. d5 {LiveBook: 5 Games} (8. Nf3 $14) (8. Nf3 Nd7 9. Bc4 Bd6 10. Ng5 O-O 11. O-O Be7 12. f4 Bxg5 13. fxg5 Qe7 14. Bd3 exd4 15. cxd4 {½-½ (38) Le,Q (2737)-Iturrizaga Bonelli,E (2650) chess.com INT 2018}) 8... c6 $15 {Black is slightly better.} 9. dxc6 $146 ({Predecessor:} 9. c4 Nd7 10. Nf3 Bb4+ 11. Bd2 Bxd2+ 12. Qxd2 O-O 13. Bd3 cxd5 14. cxd5 {½-½ (60) Nazaretyan,T (2248)-Shcherbakov,R (2516) Sochi 2018}) 9... Bxc6 (9... Nxc6 {is interesting.} 10. Nf3 Be7 11. Bc4 O-O 12. O-O Qc7) 10. Nf3 Nd7 11. Bc4 {[#] Strongly threatening Ng5.} Be7 12. O-O O-O 13. Rd1 {With the idea Nxe5!} Qc7 14. Bb2 Rac8 15. Rac1 Nc5 16. Bd5 Ba4 17. Bb3 Nxb3 18. axb3 Bc6 19. c4 f6 20. Nd2 Qb7 21. f3 Rfd8 22. Nb1 b5 23. h3 ({White should try} 23. Rxd8+ $15 Bxd8 24. Nd2) 23... Bc5+ 24. Kh1 b4 25. Rxd8+ (25. Nd2 $17) 25... Rxd8 $19 26. Rd1 Qb6 (26... Rxd1+ $19 27. Qxd1 Qd7 28. Qxd7 Bxd7) 27. Rd3 (27. Rxd8+ $17 Qxd8 28. Nd2) 27... a5 28. Qd1 Rxd3 29. Qxd3 h6 30. Nd2 a4 31. bxa4 Bxa4 32. Nb3 $2 {[#]} (32. Qd5+ $17 {is more resistant.} Kf8 33. f4) 32... Bxb3 $1 33. Qxb3 Qd6 {White must now prevent ...Qd2.} 34. Qc2 Bb6 35. Kh2 Qc5 36. Kg3 Kh7 37. Qe2 b3 38. Bc1 {Black is clearly winning.} Qg1 39. Ba3 Bd4 (39... Be3 $142 40. Kg4 Bf2) 40. Qd2 Qa1 (40... h5 $142 41. f4 exf4+ 42. Kxf4 Qf1+ 43. Kg3 Be5+ 44. Kh4 Qxc4 45. Qd5 Qc3 46. Qg8+ Kxg8 47. Kxh5 Qg3 48. h4 g6+ 49. Kh6 Bf4#) 41. Bc1 (41. Qc1 $142 Qa2 42. Kh2) 41... b2 42. Bxb2 Qxb2 43. Qe1 (43. Qxb2 $142 Bxb2 44. Kf2) 43... Qc2 44. Qf1 Be3 {( -> ...Bf4+)} 45. h4 h5 46. Kh3 Bf4 47. g3 Be3 48. Qe1 Bc1 49. Qf1 Bh6 {Precision: White = 33%, Black = 65%.} 0-1

[Event "XXX Roquetas de Mar Open 2019"]
[Site "Roquetas de Mar"]
[Date "2019.01.05"]
[Round "6"]
[White "Garcia Moreno, Carlos"]
[Black "PLAZUELO PASCUAL, Juan"]
[Result "1/2-1/2"]
[WhiteElo "2269"]
[BlackElo "2416"]
[Annotator "TA"]
[PlyCount "46"]
[EventDate "2019.01.02"]
[EventType "swiss"]
[EventCountry "ESP"]
[SourceTitle "playchess.com"]
[Source "ChessBase"]
[SourceQuality "1"]

{[%evp 20,46,0,-1,0,0,0,0,0,0,-2,0,0,-2,0,-3,0,-8,0,0,0,-17,0,0,0,0,18,0,0]} 1. e4 {[%cal Be2e4,Be4e5][%mdl 32]} e6 2. d4 d5 3. Nd2 Be7 4. Ngf3 Nf6 5. e5 Nfd7 6. Bd3 c5 7. c3 Nc6 8. O-O g5 9. dxc5 Ndxe5 {C06: French Tarrasch: 3...Nf6 4 e5 Nfd7 5 Bd3 main lines} 10. Bb5 (10. Bc2 Ng6 11. b4 O-O 12. Re1 f5 13. Nb3 g4 14. b5 gxf3 15. bxc6 bxc6 16. Qxf3 e5 17. Bh6 {1-0 (51) Mista,A (2595)-Bartel,M (2604) Warsaw 2018}) 10... Ng6 11. c4 {LiveBook: 3 Games. The position is equal.} O-O 12. cxd5 Qxd5 {Black wants to play ...g4.} 13. Nb3 g4 14. Qxd5 exd5 15. Bxc6 bxc6 16. Nfd4 Bd7 17. Bd2 $146 ({Predecessor:} 17. Bh6) 17... Rfe8 18. f3 gxf3 19. Rxf3 Ne5 20. Re3 Ng6 21. Rf3 Ne5 22. Re3 Ng6 23. Rf3 Ne5 1/2-1/2

[Event "XXX Roquetas de Mar Open 2019"]
[Site "Roquetas de Mar"]
[Date "2019.01.05"]
[Round "6"]
[White "Sanchez Jerez, Emilio Miguel"]
[Black "Nguyen, Piotr"]
[Result "0-1"]
[WhiteElo "2183"]
[BlackElo "2403"]
[Annotator "NA"]
[PlyCount "70"]
[EventDate "2019.01.02"]
[EventType "swiss"]
[EventCountry "ESP"]
[SourceTitle "playchess.com"]
[Source "ChessBase"]
[SourceQuality "1"]
[TimeControl "5400+30"]

1. e4 {[%emt 0:00:02]} c5 {[%emt 0:00:00]} 2. Nc3 {[%emt 0:00:13]} Nc6 {[%emt 0:00:04]} 3. Bb5 {[%emt 0:00:25]} Nd4 {[%emt 0:01:04]} 4. Nf3 {[%emt 0:00:07]} g6 {[%emt 0:09:10]} 5. Bc4 {[%emt 0:00:14]} d6 {[%emt 0:09:24]} 6. Nxd4 {[%emt 0:09:52]} cxd4 {[%emt 0:00:04]} 7. Ne2 {[%emt 0:00:06]} Bg7 {[%emt 0:02:56]} 8. d3 {[%emt 0:02:49]} e6 {[%emt 0:06:40]} 9. O-O {[%emt 0:09:39]} Ne7 {[%emt 0:01:09]} 10. c3 {[%emt 0:01:54]} dxc3 {[%emt 0:04:54]} 11. bxc3 {[%emt 0:01:17]} O-O {[%emt 0:02:25]} 12. Bb3 {[%emt 0:07:37]} b6 {[%emt 0:11:53]} 13. Bg5 {[%emt 0:09:38]} h6 {[%emt 0:01:49]} 14. Be3 {[%emt 0:02:20]} Kh7 {[%emt 0:03:57]} 15. f4 {[%emt 0:06:13]} Bd7 {[%emt 0:07:25]} 16. g4 {[%emt 0:10:48]} f5 {[%emt 0:01:30]} 17. gxf5 {[%emt 0:05:45]} gxf5 {[%emt 0:00:58]} 18. Nd4 {[%emt 0:03:47]} Qc8 {[%emt 0:09:31]} 19. Rc1 {[%emt 0:08:08]} Rf6 {[%emt 0:01:40]} 20. h3 {[%emt 0:02:52]} fxe4 {[%emt 0:09:10]} 21. dxe4 {[%emt 0:01:52]} e5 {[%emt 0:00:26]} 22. f5 {[%emt 0:06:13]} exd4 {[%emt 0:01:52]} 23. cxd4 {[%emt 0:00:08]} Qb7 {[%emt 0:01:23]} 24. d5 {[%emt 0:04:37]} Ng8 {[%emt 0:03:41]} 25. Rf4 Re8 {[%emt 0:01:19]} 26. Qf3 {[%emt 0:02:25]} Rc8 {[%emt 0:02:17]} 27. Rf1 {[%emt 0:00:44]} Rc3 {[%emt 0:00:46]} 28. Qf2 {[%emt 0:01:09]} Rf7 {[%emt 0:01:58]} 29. Rh4 {[%emt 0:00:58]} Bb5 {[%emt 0:01:03]} 30. Re1 {[%emt 0:01:07]} Qe7 {[%emt 0:00:11]} 31. Rg4 {[%emt 0:01:42]} Nf6 {[%emt 0:00:55]} 32. Rg6 {[%emt 0:00:40]} Nxe4 {[%emt 0:01:43]} 33. Qg2 {[%emt 0:00:12]} Rxf5 {[%emt 0:02:24]} 34. Re6 {[%emt 0:00:34]} Qh4 {[%emt 0:00:22]} 35. Qg6+ {[%emt 0:00:34]} Kg8 {[%emt 0:00:36]} 0-1